<The> Barriers of the entrepreneurial spirit and the entrepreneurship of graduates in Slovakia

Empirický prieskum potrieb, motívov a postojov študentov Národohospodárskej fakulty v Bratislave vo vzťahu k podnikaniu. Postoje respondentov k podnikaniu, preferencia zamestnania pred podnikaním a zistenie bariér, ktoré bránia v rozhodnutí začať podnikať.

Na minha lista:
Detalhes bibliográficos
Autor principal: Velichová, Ľudmila
Outros Autores: Orbánová, Darina
Formato: Capítulo de Livro
Idioma:eslovaco
Assuntos:
Tags: Adicionar Tag
Sem tags, seja o primeiro a adicionar uma tag!

MARC

LEADER 00000nla a2200000 4500
001 0221215
005 20240502092603.4
041 0 |a slo 
044 |a SK 
245 1 0 |a <The> Barriers of the entrepreneurial spirit and the entrepreneurship of graduates in Slovakia  |c Ľudmila Velichová, Darina Orbánová 
520 |a Empirický prieskum potrieb, motívov a postojov študentov Národohospodárskej fakulty v Bratislave vo vzťahu k podnikaniu. Postoje respondentov k podnikaniu, preferencia zamestnania pred podnikaním a zistenie bariér, ktoré bránia v rozhodnutí začať podnikať. 
610 2 0 |a podnikanie 
610 2 0 |a stratégia podnikateľská 
610 2 0 |a politika podnikania 
610 2 0 |a bariéry podnikania 
610 2 0 |a prieskum 
610 2 0 |a absolventi 
610 2 0 |a Ekonomická univerzita v Bratislave 
100 1 |a Velichová, Ľudmila 
700 1 |a Orbánová, Darina